Top 10 New York Yankees of All-Time - Statistics

General Stats
  • This quiz has been taken 6,257 times
    5,023 since last reset
  • The average score is 8 of 10
Answer Stats
WAR Years Position Answer % Correct
149.4 1920-1934 OF/P Babe Ruth
99%
73.1 1995-2014 SS Derek Jeter
98%
51.7 2004-2016 3B/SS Alex Rodriguez
93%
117.6 1923-1939 1B Lou Gehrig
90%
112.3 1951-1968 OF Mickey Mantle
89%
64.5 1946-1963 C Yogi Berra
88%
85.3 1936-1951 OF Joe DiMaggio
79%
57.1 1995-2013 P Andy Pettitte
64%
54.9 1950-1967 P Whitey Ford
57%
57.9 1928-1946 C Bill Dickey
30%
No matching quizzes found
Score Distribution
Percent of People with Each Score
Percentile by Number Answered
Your Score History
You have not taken this quiz since the last reset